The melody lingers on / (Record no. 2436)

MARC details
000 -LEADER
fixed length control field 01929cam a22003973i 4500
005 - DATE AND TIME OF LATEST TRANSACTION
control field 20231208114300.0
020 ## - INTERNATIONAL STANDARD BOOK NUMBER
International Standard Book Number 9781476749129
Qualifying information (paperback)
020 ## - INTERNATIONAL STANDARD BOOK NUMBER
International Standard Book Number 9781471148538
040 ## - CATALOGING SOURCE
Original cataloging agency BTCTA
Language of cataloging eng
Transcribing agency BTCTA
Description conventions rda
Modifying agency BDX
-- OCLCQ
-- ZQP
-- OCLCO
-- SO$
-- OCLCO
-- OCLCF
-- OCLCO
-- INR
-- JN5
-- AZZPT
-- TXWIT
-- OCLCO
-- OCLCQ
-- OCLCA
-- OCLCO
-- DF$
-- OCLCA
-- TYV
-- DLC
050 #0 - LIBRARY OF CONGRESS CALL NUMBER
Classification number PS3553.L287
082 ## - DEWEY DECIMAL CLASSIFICATION NUMBER
Classification number 813.54
100 1# - MAIN ENTRY--PERSONAL NAME
Personal name Clark, Mary Higgins
245 14 - TITLE STATEMENT
Title The melody lingers on /
Statement of responsibility, etc. Mary Higgins Clark
250 ## - EDITION STATEMENT
Edition statement First published in Great Britain by Simon & Schuster UK Ltd, 2015
260 ## - PUBLICATION, DISTRIBUTION, ETC.
Place of publication, distribution, etc. London :
Name of publisher, distributor, etc. Simon & Schuster UK Ltd,
Date of publication, distribution, etc. 1997
300 ## - PHYSICAL DESCRIPTION
Extent 262 pages :
Dimensions 23 cm
500 ## - GENERAL NOTE
General note Includes excerpt from: I've got you under my skin.
505 ## - FORMATTED CONTENTS NOTE
Formatted contents note Z
520 ## - SUMMARY, ETC.
Summary, etc. Parker Bennett has been missing for two years. He dropped out of sight-- on a sailboat in the Caribbean-- just before it was discovered that the $5 billion dollars in the fund he had been managing had vanished. Lane Harmon, assistant to an upscale interior designer, is working on his wife's townhouse. Gradually, Lane finds herself drawn to Eric, the Bennetts' son, who is determined to prove that his father is not guilty. Lane doesn't know that the closer she gets to the Bennetts, the more she puts her life-- and her daughter's life-- in jeopardy.
521 ## - TARGET AUDIENCE NOTE
Target audience note 900
Source Lexile estimate
521 ## - TARGET AUDIENCE NOTE
Target audience note Z
Source Raz-Plus
650 #0 - SUBJECT ADDED ENTRY--TOPICAL TERM
Topical term or geographic name entry element Family secrets
Form subdivision Fiction.
650 #0 - SUBJECT ADDED ENTRY--TOPICAL TERM
Topical term or geographic name entry element Cold cases (Criminal investigation)
Form subdivision Fiction.
650 #0 - SUBJECT ADDED ENTRY--TOPICAL TERM
Topical term or geographic name entry element Rich people
Form subdivision Fiction.
650 #0 - SUBJECT ADDED ENTRY--TOPICAL TERM
Topical term or geographic name entry element Interior decorators
Form subdivision Fiction.
650 #0 - SUBJECT ADDED ENTRY--TOPICAL TERM
Topical term or geographic name entry element Missing persons
Form subdivision Fiction.
655 #4 - INDEX TERM--GENRE/FORM
Genre/form data or focus term Detective and mystery fiction.
655 #4 - INDEX TERM--GENRE/FORM
Genre/form data or focus term Fiction.
655 #7 - INDEX TERM--GENRE/FORM
Genre/form data or focus term Suspense fiction.
Source of term gsafd
655 #7 - INDEX TERM--GENRE/FORM
Genre/form data or focus term Mystery fiction.
Source of term gsafd
655 #7 - INDEX TERM--GENRE/FORM
Genre/form data or focus term Detective and mystery fiction.
Source of term lcgft
655 #7 - INDEX TERM--GENRE/FORM
Genre/form data or focus term Fiction.
Source of term lcgft
906 ## - LOCAL DATA ELEMENT F, LDF (RLIN)
a 7
b cbc
c copycat
d 2
e ncip
f 20
g y-genrareb
942 ## - ADDED ENTRY ELEMENTS (KOHA)
Source of classification or shelving scheme Dewey Decimal Classification
Koha item type Books
Suppress in OPAC No
999 ## -
-- 2436
-- 2436
Holdings
Withdrawn status Lost status Source of classification or shelving scheme Damaged status Not for loan Collection Home library Current library Shelving location Date acquired Total Checkouts Full call number Barcode Date last seen Price effective from Koha item type
    Dewey Decimal Classification     Fiction Footprints International School Library Network Toul Kork Campus Footprints International School Library Network Toul Kork Campus TTP Secondary Fiction Bookshelves 12/07/2023   CLA 813.54 PS3553.L287 FISSE03179 12/07/2023 12/07/2023 Books